MDQL
is popping MORE tags! Check the
thread
!
Quizzes
Events
Quiz Creation
Community
Videos
Private Events
Remove Ads
Sign In
Join for FREE
Feedback
Dark Mode
Quiz Categories
Sports
Geography
Music
Movies
Television
Just For Fun
Miscellaneous
History
Literature
Language
Science
Gaming
Entertainment
Religion
Holiday
For Kids
Quiz Lab
Recent
Popular Today
Quiz Kudos Today
Editor Picks
Curator Picks
Quizzes by...
Day
Popularity
Type
Ratings
Length
Year
Community
Subscriptions
Recent Discussions
Orange Saloon
Badges
Playlists
Quests
Create
Leaderboards
Showdown
Live 5
Trivia Bingo
Activity
Puzzle Library
Sporcle Events
Private Events
Virtual Trivia
Globe League
Become a Host
Pub Owners
SporcleCon
Opinionation
Our Games
Videos
Blog
Mobile Apps
Partnerships
Remove Ads and Go Orange
Feedback
Sports
Athletes
MLB
NBA
NHL
NFL
Soccer
Sports Teams
WWE
NCAA
Football
Premier League
Basketball
Baseball
Hockey
Golf
Tennis
Cricket
Rugby
Auto Racing
Olympics
World Cup
Sports
Athletes
MLB
NBA
NHL
NFL
Soccer
Sports Teams
WWE
NCAA
Football
Premier League
Basketball
Baseball
Hockey
Golf
Tennis
Cricket
Rugby
Auto Racing
Olympics
World Cup
Random Quiz
Search Sporcle
×
Quiz Lab
Quiz Lab
Sports
car
Type in answers that appear in a list
Type in answers that appear in a list
Classic
Best Score? Go Orange.
NASCAR New Hampshire Winners Stats
Can you name the NASCAR New Hampshire Winners?
By
RKOLEGACY0
10m
52 Questions
372 Plays
372 Plays
372 Plays
Comments
Comments
Give Quiz Kudos
Give Quiz Kudos
-
- Ratings
hide this ad
Replay
Link that replays current quiz
Next Quiz
Link to next quiz in quiz playlist
You Got
0%
They Got
Avg Score
87%
Avg Friend Score
Upgrade to see
Score Distribution
Jump to the score distribution portion of the page
Score
0/52
Timer
10:00
0
Plays Today
Year
Driver
% Correct
2018
Kevin Harvick
100%
2019
Kevin Harvick
100%
2023
Martin Truex, Jr.
100%
2016
Kevin Harvick
99.4%
2017
Denny Hamlin
99.3%
2017
Kyle Busch
99.3%
2020
Brad Keselowski
99.2%
2003
Jimmie Johnson
99.2%
2003
Jimmie Johnson
99.2%
2004
Kurt Busch
99.2%
2004
Kurt Busch
99.2%
2006
Kyle Busch
99.2%
2008
Kurt Busch
99.2%
2010
Jimmie Johnson
99.2%
2015
Kyle Busch
99.2%
1995
Jeff Gordon
98.9%
1997
Jeff Gordon
98.9%
1998
Jeff Gordon
98.9%
2000
Tony Stewart
98.9%
2001
Robby Gordon
98.9%
2005
Tony Stewart
98.9%
2007
Denny Hamlin
98.9%
2011
Tony Stewart
98.9%
2012
Denny Hamlin
98.9%
2016
Matt Kenseth
98.8%
2006
Kevin Harvick
98.7%
Year
Driver
% Correct
2009
Joey Logano
98.7%
2014
Joey Logano
98.7%
2014
Brad Keselowski
98.4%
2002
Ryan Newman
98.1%
2005
Ryan Newman
98.1%
2011
Ryan Newman
98.1%
2013
Matt Kenseth
98.1%
2015
Matt Kenseth
98.1%
2008
Greg Biffle
97.8%
2012
Kasey Kahne
97.8%
1993
Rusty Wallace
97.6%
1997
Jeff Burton
97.6%
1998
Jeff Burton
97.6%
1999
Jeff Burton
97.6%
2000
Jeff Burton
97.6%
2002
Ward Burton
97.6%
2007
Clint Bowyer
97.3%
2010
Clint Bowyer
97.3%
2001
Dale Jarrett
96.5%
2009
Mark Martin
95.2%
2021
Aric Almirola
93.6%
2022
Christopher Bell
92.7%
2013
Brian Vickers
91.4%
1994
Ricky Rudd
89.5%
1996
Ernie Irvan
86.3%
1999
Joe Nemechek
68.5%
Quiz Playlist
Details
Report
Send in Message
Add To Playlist
Classic:
Type in answers that appear in a list
Last Updated: Dec 28, 2019
Quiz Scoreboard
CHALLENGE
Sign Up to Join the Scoreboard
Show All
Scores
Hide
Comments
May contain spoilers
Recently Published
Image Sorting: Flags VI
by Barbecue
Geography
2m
Find the 'City' Movie
by crazypaving
Movies
60s
Colored Red Africa Blitz
by spor1
Geography
45s
More to Explore
Quiz From the Vault
Featured Blog Post
14 Easter Pick-up Lines to Find Eggs With
hide this ad
You Might Also Like...
Tags
car
Driver
hampshire
NASCAR
New Hampshire
Winner
Today's Top Quizzes in Sports
Browse Sports
hide this ad
Today's Top Quizzes in car
Browse car
Top Contributed Quizzes in Sports
1
Les meilleurs buteurs des matchs entre le PSG et l’OM
2
Les entraîneurs de l'OM et du PSG au 21e siècle
3
2022 World Cup Stars
4
Les joueurs passés par le PSG et l'OM
5
Players with Multiple 50 Home Run Seasons
6
Criteria MLB: Left Handed Sluggers
7
FIFA Club World Cup Champions
8
Les joueurs passés par le LOSC et le RC Lens
9
NBA Logic Puzzle 2.0
10
Top 10 NHL Goal Scorers of All Time
Explore More
Trending Topics
Marvel
Disney
NBA
Kpop
Anime
Harry Potter
Crossword
WWE
Pokémon
NFL
Puzzle
Country
Soccer
Song
The Office
hide this ad
More By:
RKOLEGACY0
Quiz
Plays
Rating
Category
Featured
Created
D-Generation X Members
81,689
3.98
Sports
Sep 13, 2012
Edge WWE PPV Opponents
13,884
4.32
Sports
Nov 10, 2011
Wrestlers with the most WWE PPV Matches
11,236
4.23
Sports
Jan 8, 2012
History of the WWE Championship
5,924
4.50
Sports
Feb 9, 2012
MLB Top 100 Hitters of All Time
5,910
4.56
Sports
May 10, 2013
Go to Creator's Profile
Score Distribution
Quiz Creator Spotlight
RKOLEGACY0
Follow
Send a Message
Quizzes Created
-
Created Quiz Play Count
-
More By This Creator
Popular Quizzes Today
1
Colored Red Africa Blitz
2
Find the US States - No Outlines Minefield
3
Find the 'City' Movie
4
5x2 Blitz: Bands
5
The Countries of the World
6
Find the US States
7
Find the Countries of Europe - No Outlines Minefield
8
US States
More Sports Quizzes
College Football Teams by CFP Poll Appearances
Quiz Lab
Trending Quizzes
Colored Red Europe Blitz I
Colored Red Africa Blitz II
Colored Red Europe Blitz II
Colored Red Africa Blitz III
Colored Red Europe Blitz III
Recently Updated
How Do You Spell That?
pecheneg
Godzilla Movies
pecheneg
Grab Bag: 4-10 Letters
pecheneg
2024 March Madness Bracket
pecheneg
Famous TV Couples
Peacemaker
Champions League XIs: Real Madrid
pecheneg
Largest US Cities 1790-2010
pecheneg
Rides in Walt Disney World
pecheneg
Most Oscar Losses (Acting)
pecheneg
Beyoncé Albums
pecheneg
Trending Topics
Crossword
NBA
Anime
Harry Potter
Disney
Kpop
Marvel
Country
Song
The Office
Pokémon
Soccer
Puzzle
NFL
WWE
Your Account Isn't Verified!
In order to create a playlist on Sporcle, you need to verify the email address you used during registration. Go to your
Sporcle Settings
to finish the process.
Report this User
Report this user for behavior that violates our
Community Guidelines
.
Details:
Send Report
Go to the Sporcle.com Mobile Site →
Comments